000 00287nam a22001337a 4500
008 180316b xxu||||| |||| 00| 0 eng d
020 _a9780801624070
041 _aeng
080 _a612.39
100 _a10
101 _aNUT
245 _aTotal patient care
_cHood,H
942 _2udc
_cBK
999 _c45238
_d45238